[Event "Swiss-539.1.05"]
[Site "IECC"]
[Date "2008.12.20"]
[Round "?"]
[White "Cirovic, Zeljko"]
[Black "Llorente, Jose Luis"]
[Result "0-1"]
[WhiteElo "1738"]
[BlackElo "1849"]
[PlyCount "34"]
[EventDate "2008.??.??"]
[SourceTitle "OM Corr 202003"]
[Source "Opening Master"]
[SourceDate "2019.05.30"]
[SourceVersion "2"]
[SourceVersionDate "2019.05.30"]
[SourceQuality "1"]
[WhiteTeam "SCG"]
[BlackTeam "Espańa"]
[BlackTeamCountry "ESP"]

1. e4 e5 2. Nf3 Nc6 3. c3 d5 4. exd5 Qxd5 5. d4 Nf6 6. dxe5 Qxd1+ 7. Kxd1 Ng4
8. Be3 Bf5 9. Bb5 O-O-O+ 10. Nbd2 Ncxe5 11. Nxe5 Nxe5 12. Ke2 a6 13. Ba4 Bd3+
14. Ke1 Bg6 15. f3 Nd3+ 16. Ke2 Nxb2 17. Ne4 Nxa4 0-1

[Event "2.Offene Südharz-Meisterschaft"]
[Site "Schloss Mansfeld"]
[Date "2008.12.19"]
[Round "1.12"]
[White "Thormann, Guenter"]
[Black "Buerckner, Georg"]
[Result "0-1"]
[WhiteElo "1664"]
[BlackElo "1929"]
[PlyCount "82"]
[EventDate "2008.??.??"]
[EventRounds "5"]
[SourceTitle "OM OTB B 201907"]
[Source "Opening Master"]
[SourceDate "2019.07.06"]
[SourceVersion "2"]
[SourceVersionDate "2019.07.06"]
[SourceQuality "1"]

1. e4 e5 2. Nf3 Nc6 3. c3 Nf6 4. d4 exd4 5. e5 Nd5 6. cxd4 Bb4+ 7. Bd2 O-O 8.
Bc4 Nb6 9. Bb3 d6 10. O-O Bg4 11. Bxb4 Nxb4 12. Nbd2 dxe5 13. dxe5 Nd3 14. h3
Bh5 15. e6 fxe6 16. Bxe6+ Kh8 17. Qb3 Nc5 18. Qe3 Nxe6 19. Qxe6 Qd3 20. Qe5
Bxf3 21. Nxf3 c6 22. Rad1 Qg6 23. Rd6 Qf7 24. b3 Rae8 25. Ng5 Qh5 26. Qg3 Re7
27. Rfd1 Nd5 28. Rd4 Qe8 29. Rh4 g6 30. Nf3 Nf6 31. Ng5 Nd5 32. Nf3 Kg8 33. Qg5
Rf5 34. Qh6 Nf6 35. Rhd4 Nd5 36. Rh4 Rd7 37. Rxd7 Qxd7 38. Ng5 Nf6 39. Nf3 Rd5
40. Rf4 Rh5 41. Ne5 Qd1+ 0-1

[Event "FICGS__CHESS__CLASS_B__000064"]
[Site "FICGS"]
[Date "2008.12.16"]
[Round "1"]
[White "Phillips, Tony"]
[Black "Ziegler, Pio"]
[Result "0-1"]
[WhiteElo "1800"]
[BlackElo "1908"]
[PlyCount "40"]
[EventDate "2008.??.??"]
[SourceTitle "OM Corr 202003"]
[Source "Opening Master"]
[SourceDate "2019.05.30"]
[SourceVersion "2"]
[SourceVersionDate "2019.05.30"]
[SourceQuality "1"]

1. e4 e5 2. Nf3 Nc6 3. c3 Nf6 4. Bd3 d5 5. Bb5 dxe4 6. Nxe5 Qd5 7. c4 Qxe5 8.
Bxc6+ bxc6 9. Qe2 Bb4 10. a3 Bd6 11. Nc3 O-O 12. b4 a5 13. c5 axb4 14. g3 Bxc5
15. d3 Qxc3+ 16. Qd2 Qxa1 17. Kf1 Bh3+ 18. Ke2 exd3+ 19. Kf3 Qd4 20. Bb2 Qe4#
0-1

[Event "Budapest FS12 FM-A"]
[Site "Budapest"]
[Date "2008.12.12"]
[Round "7"]
[White "Zoltan, Andras"]
[Black "Darazs, Zoltan"]
[Result "0-1"]
[WhiteElo "2085"]
[BlackElo "2234"]
[PlyCount "36"]
[EventDate "2008.12.06"]
[EventType "tourn"]
[EventRounds "10"]
[EventCountry "HUN"]
[SourceTitle "CBM 127 Extra"]
[Source "ChessBase"]
[SourceDate "2009.01.08"]
[SourceVersion "2"]
[SourceVersionDate "2009.01.28"]
[SourceQuality "1"]

1. e4 e5 2. Nf3 Nc6 3. c3 d5 4. Qa4 dxe4 5. Nxe5 Qd5 6. Nxc6 bxc6 7. Bc4 Qd6 8.
O-O Nf6 9. Re1 Be7 10. d3 Ng4 11. g3 O-O 12. dxe4 Qc5 13. Be3 Qh5 14. h4 Nxe3
15. Rxe3 Bc5 16. Rd3 Qe2 17. Re3 Qxb2 18. Re2 Qxa1 0-1

[Event "Milan Crespi op-A 29th"]
[Site "Milan"]
[Date "2008.12.10"]
[Round "6"]
[White "Barlocco, Carlo"]
[Black "Pedini, Dario"]
[Result "0-1"]
[WhiteElo "2144"]
[BlackElo "2123"]
[PlyCount "88"]
[EventDate "2008.12.06"]
[EventType "swiss"]
[EventRounds "9"]
[EventCountry "ITA"]
[SourceTitle "CBM 130 Extra"]
[Source "ChessBase"]
[SourceDate "2009.07.02"]
[SourceVersion "2"]
[SourceVersionDate "2009.07.15"]
[SourceQuality "1"]

1. e4 e5 2. Nf3 Nc6 3. c3 Qe7 4. Bd3 f5 5. O-O f4 6. Bb5 d6 7. d4 Bd7 8. dxe5
dxe5 9. Na3 g5 10. Nc4 Bg7 11. b3 Bf6 12. Ba3 Qg7 13. Ne1 g4 14. Nd3 O-O-O 15.
Qc2 f3 16. Kh1 fxg2+ 17. Kxg2 a6 18. Bxc6 Bxc6 19. Nb4 Bb5 20. Nd5 Qg6 21. Qe2
Re8 22. Kh1 h5 23. f3 Bd8 24. Rg1 Nh6 25. Bc1 Bd7 26. Bxh6 Qxh6 27. Raf1 Kb8
28. Nde3 Bg5 29. fxg4 b5 30. Nd5 bxc4 31. Qxc4 Qc6 32. Qb4+ Qb5 33. Rf7 Qxb4
34. Nxb4 Re7 35. Rf5 Bxf5 36. gxf5 Rg7 37. Nc6+ Kb7 38. Nxe5 Bf6 39. Ng6 Re8
40. Re1 Bxc3 41. Re2 Rf7 42. Rc2 Bd4 43. Kg2 Rxe4 44. Kf3 Rg4 0-1

[Event "Asia-ch U20"]
[Site "Chennai"]
[Date "2008.12.10"]
[Round "5"]
[White "Priyadharshan, K."]
[Black "Ashwath, R."]
[Result "1-0"]
[WhiteElo "2245"]
[BlackElo "2313"]
[PlyCount "89"]
[EventDate "2008.12.05"]
[EventType "swiss"]
[EventRounds "9"]
[EventCountry "IND"]
[SourceTitle "CBM 127 Extra"]
[Source "ChessBase"]
[SourceDate "2009.01.08"]
[SourceVersion "2"]
[SourceVersionDate "2009.01.28"]
[SourceQuality "1"]

1. e4 e5 2. Nf3 Nc6 3. c3 Nf6 4. d4 d6 5. Bd3 g6 6. Nbd2 Bg7 7. O-O O-O 8. dxe5
dxe5 9. Nc4 Qe7 10. b4 a6 11. Ne3 Rd8 12. Qc2 h6 13. a4 a5 14. b5 Nb8 15. Ba3
Qe8 16. b6 Rd7 17. bxc7 Nc6 18. Bb5 Rxc7 19. Nd5 Nxd5 20. exd5 e4 21. Ne1 Qe5
22. dxc6 bxc6 23. Bc4 Qxc3 24. Qxc3 Bxc3 25. Rc1 Bb4 26. Bb2 Bd7 27. Nc2 c5 28.
Ra1 Bc6 29. Rfd1 Rd7 30. Rxd7 Bxd7 31. Bd5 Re8 32. Ne3 Kf8 33. Nc4 Be6 34. Bxe6
Rxe6 35. Rd1 Ke7 36. h4 f5 37. Be5 g5 38. h5 f4 39. Kf1 Rc6 40. Ke2 Ke6 41. Bg7
Kf5 42. Nd6+ Kg4 43. Nxe4 c4 44. f3+ Kf5 45. Rc1 1-0

[Event "FICS rated standard game"]
[Site "FICS freechess.org"]
[Date "2008.12.08"]
[Round "?"]
[White "BrainlessChess"]
[Black "Gunsberg"]
[Result "1-0"]
[WhiteElo "2215"]
[BlackElo "2042"]
[PlyCount "40"]
[EventDate "2008.??.??"]
[SourceTitle "OM Portal C 201906"]
[Source "Opening Master"]
[SourceDate "2019.06.27"]
[SourceVersion "1"]
[SourceVersionDate "2019.06.27"]
[SourceQuality "1"]

1. e4 e5 2. Nf3 Nc6 3. c3 Nf6 4. d4 exd4 5. e5 Ne4 6. Qe2 Nc5 7. cxd4 Ne6 8. d5
Ncd4 9. Nxd4 Nxd4 10. Qe4 c5 11. Nc3 a6 12. Be3 Nb5 13. Bxb5 axb5 14. d6 Qa5
15. Bxc5 b6 16. Bxb6 Qxb6 17. Qxa8 Kd8 18. O-O g6 19. Nd5 Qb7 20. Qa5+ Ke8 1-0

[Event "Porec op"]
[Site "Porec"]
[Date "2008.12.07"]
[Round "7"]
[White "Grbac, Boris"]
[Black "Tomazini, Zan"]
[Result "1-0"]
[WhiteElo "2140"]
[BlackElo "2038"]
[PlyCount "69"]
[EventDate "2008.12.04"]
[EventType "swiss"]
[EventRounds "7"]
[EventCountry "CRO"]
[SourceTitle "CBM 127 Extra"]
[Source "ChessBase"]
[SourceDate "2009.01.08"]
[SourceVersion "2"]
[SourceVersionDate "2009.01.28"]
[SourceQuality "1"]

1. e4 e5 2. Nf3 Nc6 3. c3 d5 4. Qa4 Bd7 5. d3 Nf6 6. Qc2 Bd6 7. Bg5 d4 8. Nbd2
h6 9. Bh4 g5 10. Bg3 Nh5 11. a3 Nxg3 12. hxg3 Qf6 13. Nc4 O-O-O 14. Be2 Be6 15.
Nxd6+ Rxd6 16. c4 Qg7 17. b4 f5 18. Nd2 g4 19. Qa4 Nb8 20. b5 a6 21. Rh5 Qg6
22. Rxf5 Bxf5 23. exf5 Qxf5 24. Ne4 Re6 25. c5 axb5 26. Qxb5 Rd8 27. Rb1 b6 28.
Rc1 Rc6 29. Rc4 Rd5 30. Qb3 Nd7 31. Ra4 Rdxc5 32. Nxc5 Rxc5 33. Qg8+ Qf8 34.
Ra8+ Kb7 35. Rxf8 1-0

[Event "CZE-chT2A 0809"]
[Site "Czechia"]
[Date "2008.12.07"]
[Round "4.4"]
[White "Nejdl, Eduard"]
[Black "Janousek, Petr"]
[Result "0-1"]
[WhiteElo "1999"]
[BlackElo "2212"]
[PlyCount "66"]
[EventDate "2008.10.12"]
[EventType "team-tourn"]
[EventRounds "11"]
[EventCountry "CZE"]
[SourceTitle "EXT 2010"]
[Source "ChessBase"]
[SourceDate "2009.11.30"]
[SourceVersion "1"]
[SourceVersionDate "2009.11.30"]
[SourceQuality "1"]
[WhiteTeam "Ceske Budejovice II"]
[BlackTeam "Kozolupy"]
[WhiteTeamCountry "CZE"]
[BlackTeamCountry "CZE"]

1. e4 e5 2. Nf3 Nc6 3. c3 d5 4. Bb5 dxe4 5. Nxe5 Qd5 6. Qa4 Qxe5 7. Bxc6+ bxc6
8. Qxc6+ Kd8 9. Qxa8 Nf6 10. Na3 Bc5 11. Nc4 Qe6 12. b3 Ke7 13. Qb8 Qc6 14. Ba3
Rd8 15. Qxa7 Bxa3 16. Qxa3+ Ke8 17. O-O Be6 18. Ne3 Nd7 19. f4 exf3 20. Rxf3
Ne5 21. Rf2 Nd3 22. Rf3 Ra8 23. Qxa8+ Qxa8 24. Nf5 Bxf5 25. Rxf5 Qa7+ 26. Kf1
f6 27. Rf3 Nc5 28. d4 Ne6 29. d5 Ng5 30. Re1+ Kd7 31. Rfe3 Qc5 32. h4 Nf7 33.
b4 Qc4+ 0-1

[Event "Belgrade Trophy 21st"]
[Site "Obrenovac"]
[Date "2008.12.05"]
[Round "9"]
[White "Dinic, Nenad"]
[Black "Mitrovic, Goran"]
[Result "0-1"]
[WhiteElo "2116"]
[BlackElo "1859"]
[PlyCount "62"]
[EventDate "2008.11.27"]
[EventType "swiss"]
[EventRounds "9"]
[EventCountry "YUG"]
[SourceTitle "CBM 127 Extra"]
[Source "ChessBase"]
[SourceDate "2009.01.08"]
[SourceVersion "2"]
[SourceVersionDate "2009.01.28"]
[SourceQuality "1"]

1. e4 e5 2. Nf3 Nc6 3. c3 d5 4. Qa4 Bd7 5. exd5 Nd4 6. Qd1 Nxf3+ 7. Qxf3 Nf6 8.
Bc4 Bd6 9. d3 Bg4 10. Qe3 O-O 11. f3 Bd7 12. Qg5 h6 13. Qh4 b5 14. Bb3 Bf5 15.
Be3 Bxd3 16. Nd2 Re8 17. O-O-O a5 18. Nf1 e4 19. Bd4 Be5 20. Bxe5 Rxe5 21. f4
Rh5 22. Qf2 a4 23. Bc2 Rxd5 24. Ne3 Rd7 25. g4 Nd5 26. h4 a3 27. Nxd5 axb2+ 28.
Kxb2 Rxd5 29. Bb3 Bc4 30. Rxd5 Qxd5 31. Rd1 Qxd1 0-1

[Event "Valpovo op (Women)"]
[Site "Valpovo"]
[Date "2008.12.05"]
[Round "2"]
[White "Loncar, Dajana"]
[Black "Jacimovic, Sara"]
[Result "0-1"]
[WhiteElo "1600"]
[BlackElo "1796"]
[PlyCount "64"]
[EventDate "2008.12.05"]
[EventType "swiss (rapid)"]
[EventRounds "7"]
[EventCountry "CRO"]
[SourceTitle "EXT 2010"]
[Source "ChessBase"]
[SourceDate "2009.11.30"]
[SourceVersion "1"]
[SourceVersionDate "2009.11.30"]
[SourceQuality "1"]

1. e4 e5 2. Nf3 Nc6 3. c3 Bc5 4. Bc4 Nf6 5. O-O O-O 6. d3 h6 7. d4 exd4 8. cxd4
Bb6 9. e5 Nh7 10. Be3 d6 11. Qc1 dxe5 12. Bd3 Nxd4 13. Nxd4 Bxd4 14. Bxh6 gxh6
15. Qxh6 Bxf2+ 16. Rxf2 Qxd3 17. Nd2 Qg6 18. Qe3 Ng5 19. Qxe5 Nh3+ 20. Kf1 Nxf2
21. Kxf2 Qf5+ 22. Nf3 Qxe5 23. Nxe5 Be6 24. Re1 Rad8 25. Nf3 Rfe8 26. Ng5 Rd2+
27. Kg3 Rxb2 28. h4 Rxa2 29. h5 Ra5 30. Kh4 Ra4+ 31. Kg3 Rg4+ 32. Kf3 Rxg5 0-1

[Event "Belgrade Trophy 21st"]
[Site "Obrenovac"]
[Date "2008.12.03"]
[Round "7"]
[White "Dragojlovic, Andjelko"]
[Black "Markovic, Tamara"]
[Result "0-1"]
[WhiteElo "2393"]
[BlackElo "1556"]
[PlyCount "68"]
[EventDate "2008.11.27"]
[EventType "swiss"]
[EventRounds "9"]
[EventCountry "YUG"]
[SourceTitle "CBM 127 Extra"]
[Source "ChessBase"]
[SourceDate "2009.01.08"]
[SourceVersion "2"]
[SourceVersionDate "2009.01.28"]
[SourceQuality "1"]

1. e4 e5 2. Nf3 Nc6 3. c3 Nf6 4. d3 d5 5. Bg5 Be7 6. Nbd2 h6 7. Bh4 Be6 8. Be2
Qd6 9. h3 O-O-O 10. Bg3 Nd7 11. d4 Bg5 12. Bh2 f5 13. Bb5 fxe4 14. Nxe5 Ncxe5
15. Bxd7+ Qxd7 16. Bxe5 Rhf8 17. Qe2 Rf7 18. Nb3 b6 19. Bh2 Rdf8 20. Rf1 Kb7
21. a4 a5 22. Nd2 Be7 23. b3 g5 24. c4 dxc4 25. bxc4 Qxd4 26. Qxe4+ Qxe4+ 27.
Nxe4 Bxc4 28. Rg1 Bd5 29. f3 Bb4+ 30. Kd1 Bxe4 31. fxe4 Re8 32. e5 Bc3 33. Rc1
Bxe5 34. Re1 Rd8+ 0-1

[Event "Winnipeg Grand Prix op-D"]
[Site "Winnipeg"]
[Date "2008.12.02"]
[Round "4"]
[White "Gibbons, Lorne"]
[Black "Swift, Ryne"]
[Result "0-1"]
[WhiteElo "1240"]
[BlackElo "1563"]
[PlyCount "33"]
[EventDate "2008.11.04"]
[EventType "tourn"]
[EventRounds "6"]
[EventCountry "CAN"]
[SourceTitle "EXT 2011"]
[Source "ChessBase"]
[SourceDate "2010.11.26"]
[SourceVersion "1"]
[SourceVersionDate "2010.11.26"]
[SourceQuality "1"]

1. e4 e5 2. Nf3 Nc6 3. c3 Nf6 4. Bd3 Bc5 5. h3 d6 6. b4 Bb6 7. Na3 Be6 8. Qc2
O-O 9. Nc4 Re8 10. Bb2 Nd7 11. Ne3 a5 12. b5 Ne7 13. a4 d5 14. exd5 Bxd5 15.
Bxh7+ Kh8 16. Ng5 Bxe3 17. Nxf7+ 0-1

[Event "Seoul op"]
[Site "Seoul"]
[Date "2008.12.02"]
[Round "4"]
[White "Im, Seonghae"]
[Black "You, Garam"]
[Result "0-1"]
[WhiteElo "1528"]
[BlackElo "1511"]
[PlyCount "56"]
[EventDate "2008.12.01"]
[EventType "swiss"]
[EventRounds "9"]
[EventCountry "KOR"]
[SourceTitle "EXT 2010"]
[Source "ChessBase"]
[SourceDate "2009.11.30"]
[SourceVersion "1"]
[SourceVersionDate "2009.11.30"]
[SourceQuality "1"]

1. e4 e5 2. Nf3 Nc6 3. c3 Nf6 4. d4 exd4 5. cxd4 Nxe4 6. d5 Ne7 7. Nc3 Nxc3 8.
bxc3 Nf5 9. Bd3 d6 10. O-O Be7 11. Re1 O-O 12. Bb2 Bf6 13. Rb1 Ne7 14. c4 Bxb2
15. Rxb2 Nf5 16. Qc2 Qf6 17. Qb1 b6 18. Rbe2 Bd7 19. a3 g6 20. Bc2 Rab8 21. Re4
c5 22. Nh4 Nxh4 23. Re7 Qg5 24. g3 Nf3+ 25. Kh1 Nxe1 26. Qxe1 Rfe8 27. f4 Qxe7
28. Qd1 Qe1+ 0-1

[Event "Belgrade Trophy 21st"]
[Site "Obrenovac"]
[Date "2008.12.01"]
[Round "5"]
[White "Dinic, Nenad"]
[Black "Karadarevic, Slobodan"]
[Result "0-1"]
[WhiteElo "2116"]
[BlackElo "1814"]
[PlyCount "49"]
[EventDate "2008.11.27"]
[EventType "swiss"]
[EventRounds "9"]
[EventCountry "YUG"]
[SourceTitle "CBM 127 Extra"]
[Source "ChessBase"]
[SourceDate "2009.01.08"]
[SourceVersion "2"]
[SourceVersionDate "2009.01.28"]
[SourceQuality "1"]

1. e4 e5 2. Nf3 Nc6 3. c3 d5 4. Qa4 Nf6 5. d4 exd4 6. e5 Ne4 7. cxd4 Bb4+ 8.
Bd2 Bxd2+ 9. Nbxd2 O-O 10. Be2 Bd7 11. Qb3 Nxd2 12. Kxd2 Bg4 13. Qc3 f6 14.
Rad1 Bxf3 15. gxf3 fxe5 16. dxe5 Qg5+ 17. Kc2 Qxe5 18. Qxe5 Nxe5 19. Rxd5 Nxf3
20. Rd7 c5 21. Bxf3 Rxf3 22. Rxb7 Rxf2+ 23. Kc3 Rff8 24. Rg1 g6 25. Rg5 0-1

[Event "NRW Class2 0809"]
[Site "Germany"]
[Date "2008.11.30"]
[Round "4.4"]
[White "Blasek, Ralph"]
[Black "Bensdorp, Marlies"]
[Result "0-1"]
[WhiteElo "2300"]
[BlackElo "2284"]
[PlyCount "116"]
[EventDate "2008.09.21"]
[EventType "team-tourn"]
[EventRounds "9"]
[EventCountry "GER"]
[SourceTitle "EXT 2010"]
[Source "ChessBase"]
[SourceDate "2009.11.30"]
[SourceVersion "1"]
[SourceVersionDate "2009.11.30"]
[SourceQuality "1"]
[WhiteTeam "Solingen III"]
[BlackTeam "Emsdetten II"]
[WhiteTeamCountry "GER"]
[BlackTeamCountry "GER"]

1. e4 e5 2. Nf3 Nc6 3. c3 Nf6 4. d4 Nxe4 5. d5 Ne7 6. Nxe5 Ng6 7. Qe2 Qe7 8.
Qxe4 Qxe5 9. Nd2 Be7 10. Be2 O-O 11. Qxe5 Nxe5 12. f4 Ng6 13. Nf3 d6 14. Be3 a6
15. h4 Bf6 16. Rd1 Re8 17. Kf2 Bg4 18. g3 Ne7 19. Rhe1 Nf5 20. Bc1 Re7 21. Bd3
Rae8 22. Bd2 h6 23. Rxe7 Rxe7 24. Re1 Kf8 25. Nh2 Rxe1 26. Bxe1 Bh3 27. h5 Ne7
28. Kf3 Bd7 29. Bc4 g6 30. hxg6 fxg6 31. g4 h5 32. Bf2 Kf7 33. Ba7 Nc8 34. Be3
a5 35. Bd3 Ne7 36. Be4 Bb5 37. Ba7 Ke8 38. gxh5 gxh5 39. Ke3 b6 40. Bf3 Kd7 41.
Bxh5 Kc8 42. Bf7 Bc4 43. Ke4 Bxa2 44. Ng4 Bb1+ 45. Ke3 Bg7 46. Bxb6 cxb6 47.
Kd2 Be4 48. c4 Bxb2 49. Be8 Bd4 50. Nh6 Kc7 51. Bb5 Ng6 52. f5 Ne7 53. Nf7 Nxf5
54. Ke2 Bf6 55. Kd2 Bf3 56. Be8 Ng7 57. Bb5 Bh5 58. Nh8 Ne8 0-1

[Event "Bayern-chTT (RL Nord-Ost)"]
[Site "Bayern 2008/09"]
[Date "2008.11.30"]
[Round "3.3"]
[White "Palkova, Katerina"]
[Black "Appel, Helmut"]
[Result "1-0"]
[WhiteElo "2036"]
[BlackElo "2161"]
[PlyCount "59"]
[EventDate "2009.03.??"]
[EventType "tourn"]
[EventRounds "9"]
[EventCountry "GER"]
[SourceTitle "OM OTB B 201907"]
[Source "Opening Master"]
[SourceDate "2019.07.06"]
[SourceVersion "2"]
[SourceVersionDate "2019.07.06"]
[SourceQuality "1"]

1. e4 e5 2. Nf3 Nc6 3. c3 d5 4. Bb5 dxe4 5. Nxe5 Bd7 6. Nxd7 Qxd7 7. Qa4 Nf6 8.
O-O O-O-O 9. Bxc6 Qxc6 10. Qxa7 Rd3 11. Na3 Ng4 12. h3 Nxf2 13. b4 Nxh3+ 14.
gxh3 b6 15. Qa6+ Kb8 16. Qc4 Qg6+ 17. Kf2 Be7 18. Ke1 Qg2 19. Rxf7 Qg1+ 20. Ke2
Bd6 21. Qxe4 Rxh3 22. Bb2 Rh2+ 23. Kd3 Qg5 24. Rd1 Qh5 25. Rdf1 Rd8 26. Kc2 g5
27. Nc4 Bf4 28. Qe7 Qg6+ 29. Kb3 Rd3 30. R1xf4 1-0

[Event "HUN-chT2 Breyer 0809"]
[Site "Hungary"]
[Date "2008.11.30"]
[Round "3"]
[White "Szinavel, Zsolt"]
[Black "Vrona, Mihail"]
[Result "0-1"]
[WhiteElo "2145"]
[BlackElo "2139"]
[PlyCount "82"]
[EventDate "2008.10.26"]
[EventType "team-tourn"]
[EventRounds "11"]
[EventCountry "HUN"]
[SourceTitle "EXT 2010"]
[Source "ChessBase"]
[SourceDate "2009.11.30"]
[SourceVersion "1"]
[SourceVersionDate "2009.11.30"]
[SourceQuality "1"]
[WhiteTeam "Kisber Aszar"]
[BlackTeam "Tatai Honved"]
[WhiteTeamCountry "HUN"]
[BlackTeamCountry "HUN"]

1. e4 e5 2. Nf3 Nc6 3. c3 Nf6 4. d4 d6 5. h3 Be7 6. Be3 O-O 7. d5 Nb8 8. Bd3 c5
9. c4 Bd7 10. Nc3 Na6 11. g4 Qa5 12. Nd2 Nc7 13. g5 Nfe8 14. Nb3 Qa6 15. Qc2 g6
16. O-O-O Ng7 17. Rdg1 Nce8 18. Be2 f5 19. gxf6 Nxf6 20. Qd1 Kf7 21. f4 exf4
22. Bxf4 Nfh5 23. Bh6 Nf6 24. Qf1 Kg8 25. Bxg7 Kxg7 26. Qg2 Rg8 27. Qg3 Raf8
28. Nd2 Kf7 29. Re1 Rg7 30. Nf3 Nh5 31. Qh2 Kg8 32. e5 dxe5 33. Nxe5 Bg5+ 34.
Kd1 Bf4 35. Nxd7 Rxd7 36. Qg2 Ng3 37. Rhg1 Nf5 38. Bg4 Qxc4 39. Re4 Qd3+ 40.
Ke1 Bg3+ 41. Qxg3 Nxg3 0-1

[Event "AUT-chT2M 0809"]
[Site "Austria"]
[Date "2008.11.29"]
[Round "3.3"]
[White "Kranzl, Peter"]
[Black "Kotz, Heinz Peter"]
[Result "1/2-1/2"]
[WhiteElo "2279"]
[BlackElo "2342"]
[PlyCount "28"]
[EventDate "2008.10.11"]
[EventType "team-tourn"]
[EventRounds "11"]
[EventCountry "AUT"]
[SourceTitle "CBM 127 Extra"]
[Source "ChessBase"]
[SourceDate "2009.01.08"]
[SourceVersion "2"]
[SourceVersionDate "2009.01.28"]
[SourceQuality "1"]
[WhiteTeam "St Valentin"]
[BlackTeam "Graz Austria"]
[WhiteTeamCountry "AUT"]
[BlackTeamCountry "AUT"]

1. e4 e5 2. Nf3 Nc6 3. c3 Nf6 4. d4 d6 5. Bb5 Bd7 6. Nbd2 Be7 7. O-O a6 8. Bxc6
Bxc6 9. Qc2 exd4 10. Nxd4 Qd7 11. Re1 O-O 12. N2f3 Rfe8 13. Nxc6 Qxc6 14. Bg5
Nd7 1/2-1/2

[Event "Belgrade Trophy 21st"]
[Site "Obrenovac"]
[Date "2008.11.28"]
[Round "2"]
[White "Savic, Dragan"]
[Black "Matejic, Dragoljub"]
[Result "1-0"]
[WhiteElo "2198"]
[BlackElo "1918"]
[PlyCount "69"]
[EventDate "2008.11.27"]
[EventType "swiss"]
[EventRounds "9"]
[EventCountry "YUG"]
[SourceTitle "CBM 127 Extra"]
[Source "ChessBase"]
[SourceDate "2009.01.08"]
[SourceVersion "2"]
[SourceVersionDate "2009.01.28"]
[SourceQuality "1"]

1. e4 e5 2. Nf3 Nc6 3. c3 Nf6 4. d4 d6 5. Bb5 Bd7 6. d5 Nb8 7. Bd3 Be7 8. h3 c5
9. dxc6 Bxc6 10. Nbd2 Nbd7 11. Qe2 Nc5 12. Bc2 Ne6 13. Nf1 Nd7 14. Ng3 g6 15.
O-O O-O 16. Bh6 Re8 17. Rad1 a6 18. Rfe1 Rc8 19. Nf1 Bb5 20. Bd3 Bxd3 21. Qxd3
Rc6 22. Ne3 Ng5 23. Nd5 Nxf3+ 24. Qxf3 Bg5 25. Bxg5 Qxg5 26. Re2 Re6 27. Red2
Nf6 28. Qe2 Ne8 29. a4 f5 30. f3 fxe4 31. fxe4 Rc8 32. Rf1 Nf6 33. Rxf6 Rxf6
34. Ne7+ Kg7 35. Nxc8 1-0

[Event "BEL-chT 0809"]
[Site "Belgium"]
[Date "2008.11.23"]
[Round "4.5"]
[White "Iolis, Oleg"]
[Black "Michiels, Rob"]
[Result "1-0"]
[WhiteElo "2163"]
[BlackElo "2298"]
[PlyCount "63"]
[EventDate "2008.10.05"]
[EventType "team"]
[EventRounds "11"]
[EventCountry "BEL"]
[SourceTitle "CBM 127 Extra"]
[Source "ChessBase"]
[SourceDate "2009.01.08"]
[SourceVersion "2"]
[SourceVersionDate "2009.01.28"]
[SourceQuality "1"]

1. e4 e5 2. Nf3 Nc6 3. c3 Nf6 4. d4 d5 5. Bb5 exd4 6. e5 Ne4 7. cxd4 Bb4+ 8.
Bd2 Nxd2 9. Nbxd2 O-O 10. Qa4 Bxd2+ 11. Nxd2 Qg5 12. g3 Ne7 13. Bd3 Bf5 14. Qc2
Qg4 15. f4 h5 16. Kf2 b6 17. Nf3 f6 18. Rac1 c5 19. dxc5 h4 20. exf6 Rxf6 21.
Rhe1 Ng6 22. c6 Nxf4 23. gxf4 Qxf4 24. c7 Bg4 25. Re3 Rc8 26. Qe2 Rff8 27. Ba6
Qxh2+ 28. Ke1 Qg3+ 29. Qf2 Rxc7 30. Rxc7 Qxc7 31. Kf1 d4 32. Rb3 1-0

[Event "Czech League 2008/09 (2nd) (f)"]
[Site "Czech Republic"]
[Date "2008.11.23"]
[Round "3"]
[White "Balazec, Ludovit"]
[Black "Bosak, Jan"]
[Result "0-1"]
[WhiteElo "2032"]
[BlackElo "2195"]
[PlyCount "129"]
[EventDate "2008.??.??"]
[EventRounds "5"]
[SourceTitle "OM OTB B 201907"]
[Source "Opening Master"]
[SourceDate "2019.07.06"]
[SourceVersion "2"]
[SourceVersionDate "2019.07.06"]
[SourceQuality "1"]

1. e4 e5 2. Nf3 Nc6 3. c3 Nf6 4. d4 d6 5. d5 Nb8 6. Bd3 Be7 7. O-O O-O 8. c4
Nbd7 9. Nc3 Nc5 10. Bc2 a5 11. a3 b6 12. Rb1 Bd7 13. b4 Nb7 14. h3 Ne8 15. g4
g6 16. Kh2 Kh8 17. Bh6 Rg8 18. Be3 f6 19. Ne2 Ng7 20. Ng3 Qc8 21. Rg1 Rf8 22.
Bh6 Rf7 23. Bxg7+ Rxg7 24. Ne1 Bf8 25. Ng2 h5 26. Ne3 hxg4 27. hxg4 Rh7+ 28.
Kg2 Bh6 29. Qf3 Kg7 30. Rh1 axb4 31. axb4 Qf8 32. Rh4 Bxe3 33. Rxh7+ Kxh7 34.
Qxe3 Bxg4 35. Rh1+ Kg8 36. Rh4 Bd7 37. Bd1 Ra1 38. Be2 Nd8 39. Qc3 Ra2 40. Qb3
Ra8 41. c5 bxc5 42. bxc5 dxc5 43. d6+ Be6 44. Bc4 Qf7 45. dxc7 Bxc4 46. Qb8
Rxb8 47. cxb8=Q Qd7 48. Qb1 Ne6 49. Qc1 Bd3 50. Qa3 c4 51. Rh1 Qb7 52. Re1 Nf4+
53. Kg1 Qc8 54. Ra1 Qh3 55. Qa8+ Kg7 56. Ra7+ Kh6 57. Qh8+ Kg5 58. Qxh3 Nxh3+
59. Kg2 Nf4+ 60. Kf3 c3 61. Ra1 c2 62. Ke3 f5 63. f3 Kh4 64. exf5 gxf5 65. Nf1
0-1

[Event "Beacon Seniors op"]
[Site "Exmouth"]
[Date "2008.11.19"]
[Round "3"]
[White "Kearsley, Raymond J"]
[Black "Deakin, Clive"]
[Result "1-0"]
[WhiteElo "1819"]
[BlackElo "1360"]
[PlyCount "93"]
[EventDate "2008.11.17"]
[EventType "swiss"]
[EventRounds "5"]
[EventCountry "ENG"]
[SourceTitle "EXT 2011"]
[Source "ChessBase"]
[SourceDate "2010.11.26"]
[SourceVersion "1"]
[SourceVersionDate "2010.11.26"]
[SourceQuality "1"]

1. e4 e5 2. Nf3 Nc6 3. c3 Nf6 4. d4 exd4 5. e5 Nd5 6. Qb3 Nb6 7. cxd4 Be7 8. d5
Nb8 9. Nc3 d6 10. Bf4 O-O 11. O-O-O dxe5 12. Nxe5 Bd6 13. Ne4 Bxe5 14. Bxe5
N8d7 15. Bf4 Qe7 16. Qc2 Nf6 17. Nxf6+ Qxf6 18. Bxc7 Bf5 19. Qc3 Qg5+ 20. f4
Qe7 21. d6 Qd7 22. b3 Rac8 23. Kb2 Na8 24. Bd3 Nxc7 25. Bxf5 Ne6 26. Qe3 Rfe8
27. Rd2 g6 28. Bxe6 Rxe6 29. Qh3 Rd8 30. Rhd1 f5 31. g4 Qg7+ 32. Kb1 fxg4 33.
Qxg4 Qd7 34. Qf3 Rde8 35. f5 Rf6 36. Qd5+ Kh8 37. fxg6 Rxg6 38. Qd4+ Kg8 39.
Qxa7 Rc8 40. Qd4 Rc6 41. Qe5 Re6 42. Rg2+ Rg6 43. Rxg6+ hxg6 44. Qf6 Qg4 45.
Re1 Qf5+ 46. Qxf5 gxf5 47. d7 1-0